000 01054nam a2200277Ia 4500
003 OSt
005 20221005104647.0
006 a|||||r|||| 00| 0
007 ta
008 221004b |||||||| |||| 00| 0 urd d
020 _a8186503374 (hbk)
_c150
024 _a107714
037 _b12952, 18/03/2011, Kitab Ghar
_cTextual
040 _aCRL
_cCRL
_burd
041 _2urd
_aurd
082 _aO168,3N14x, 152P7
100 _aख्.वाजा अहमद अब्बास
_9623820
245 0 _aमॉं का दिल, अनु0 सुरजीत
246 _aMaॉan kā dila, anu surajīta
260 _aदिल्ली
_bविद्या पुस्तक सदन भारत
_c2007
300 _a120पृ0
_ccm.
650 _aउर्दू कहानी
700 _a सुरजीत, अनु.
942 _hO168,3N14x, 152P7
_cTEXL
_2cc
999 _c1013419
_d1013419